|
|
|
|
| LEADER |
01177nam a2200313 a 4500 |
| 001 |
39289 |
| 003 |
BD-DhAAL |
| 008 |
220816t1982 ctu b 001 0 eng d |
| 999 |
|
|
|c 44856
|d 44856
|
| 010 |
|
|
|a 82040163
|
| 020 |
|
|
|a 0300030797 (pbk)
|
| 020 |
|
|
|a 0300023073
|
| 040 |
|
|
|a DLC
|c DLC
|d DLC
|d BD-DhAAL
|
| 043 |
|
|
|a a-ii---
|
| 050 |
0 |
0 |
|a HD82
|b .O565 1982
|
| 082 |
0 |
0 |
|a 338.9001
|
| 100 |
1 |
|
|a Olson, Mancur.
|9 50885
|
| 245 |
1 |
4 |
|a The rise and decline of nations :
|b economic growth, stagflation, and social rigidities /
|c Mancur Olson.
|
| 260 |
|
|
|a New Haven :
|b Yale University Press,
|c c1982.
|
| 300 |
|
|
|a xi, 273 pages ;
|c 22 cm.
|
| 504 |
|
|
|a Includes bibliographical references and index.
|
| 541 |
|
|
|a Donated By Akbar Ali Khan
|e 39289
|
| 650 |
|
0 |
|a Economic development.
|9 50886
|
| 650 |
|
0 |
|a Unemployment
|x Effect of inflation on.
|9 50887
|
| 650 |
|
0 |
|a Caste
|z India.
|9 50888
|
| 650 |
|
0 |
|a Economics.
|9 50889
|
| 852 |
|
|
|a Ayesha Abed Library
|c Akbar Ali Khan Collection
|
| 942 |
|
|
|2 ddc
|c BK
|
| 952 |
|
|
|0 0
|1 0
|2 ddc
|4 0
|6 338_900100000000000_OLS
|7 1
|9 71700
|a BRACUL
|b BRACUL
|c AAKC
|d 2022-08-16
|e Donated by Akbar Ali Khan
|l 0
|o 338.9001 OLS
|p 3010039289
|r 2022-08-16
|t 1
|w 2022-08-16
|y BK
|